<?xml version="1.0" encoding="UTF-8"?>
<record
    xmlns:xsi="http://www.w3.org/2001/XMLSchema-instance"
    xsi:schemaLocation="http://www.loc.gov/MARC21/slim http://www.loc.gov/standards/marcxml/schema/MARC21slim.xsd"
    xmlns="http://www.loc.gov/MARC21/slim">

  <leader>01222nam a2200145   4500</leader>
  <controlfield tag="008">708 Ig8e</controlfield>
  <datafield tag="020" ind1=" " ind2=" ">
    <subfield code="a">9786124092695</subfield>
  </datafield>
  <datafield tag="082" ind1=" " ind2=" ">
    <subfield code="a">708</subfield>
    <subfield code="b">Ig8e</subfield>
  </datafield>
  <datafield tag="100" ind1=" " ind2=" ">
    <subfield code="a">Igui&#xF1;iz, Natalia</subfield>
    <subfield code="9">6734</subfield>
  </datafield>
  <datafield tag="245" ind1=" " ind2=" ">
    <subfield code="a">Energ&#xED;as sociales / fuerzas vitales</subfield>
    <subfield code="b">Natalia Igui&#xF1;iz: arte, activismo, feminismo (1994-2018)</subfield>
  </datafield>
  <datafield tag="300" ind1=" " ind2=" ">
    <subfield code="a">199 p.</subfield>
    <subfield code="b">ill (col)</subfield>
    <subfield code="c">24 x 20 cm</subfield>
  </datafield>
  <datafield tag="505" ind1=" " ind2=" ">
    <subfield code="t">Natalia Igui&#xF1;iz en una genealog&#xED;a de solidaridad y supervivencia Arte, activismo y feminismo desde la tierra de la misoginia</subfield>
    <subfield code="r">Miguel A. L&#xF3;pez</subfield>
    <subfield code="t">Pr&#xE1;cticas art&#xED;sticas y batallas por la memoria en el Per&#xFA;: &#xB7;"Buscando a Mar&#xED;a Elena" de Natalia Igui&#xF1;iz</subfield>
    <subfield code="r">Fiorella L&#xF3;pez</subfield>
    <subfield code="t">Natalia Igui&#xF1;iz, disidente</subfield>
    <subfield code="r">Margarita Saona</subfield>
    <subfield code="t">Si te dicen perra...tienen raz&#xF3;n. Representaci&#xF3;n, identidad pol&#xED;tica y ciberfeminismo en "Perrahabl@"</subfield>
    <subfield code="r">Mar&#xED;a Teresa Garz&#xF3;n</subfield>
    <subfield code="t">Afichismo callejero / virtualidad popular. La experiencia de La perrera</subfield>
    <subfield code="r">Natalia Igui&#xF1;iz / Sandro Venturo</subfield>
    <subfield code="t">Peque&#xF1;as historia de maternidad 1</subfield>
    <subfield code="r">Natalia Igui&#xF1;iz</subfield>
    <subfield code="t">Peque&#xF1;as historia de maternidad 2</subfield>
    <subfield code="r">Natalia Igui&#xF1;iz</subfield>
    <subfield code="t">Esta individual no es una individual</subfield>
    <subfield code="r">Natalia Igui&#xF1;iz</subfield>
    <subfield code="t">Biograf&#xED;a</subfield>
  </datafield>
  <datafield tag="650" ind1=" " ind2=" ">
    <subfield code="x">arte contempor&#xE1;neo</subfield>
    <subfield code="x">arte - exhibiciones</subfield>
    <subfield code="x">arte - feminismo</subfield>
    <subfield code="x">Igui&#xF1;iz, Natalia</subfield>
    <subfield code="x">Per&#xFA;</subfield>
    <subfield code="9">6735</subfield>
  </datafield>
  <datafield tag="700" ind1=" " ind2=" ">
    <subfield code="a">L&#xF3;pez, Miguel A.</subfield>
    <subfield code="9">6736</subfield>
  </datafield>
  <datafield tag="999" ind1=" " ind2=" ">
    <subfield code="c">1640</subfield>
    <subfield code="d">1640</subfield>
  </datafield>
  <datafield tag="952" ind1=" " ind2=" ">
    <subfield code="0">0</subfield>
    <subfield code="1">0</subfield>
    <subfield code="2">ddc</subfield>
    <subfield code="4">0</subfield>
    <subfield code="7">0</subfield>
    <subfield code="a">LV</subfield>
    <subfield code="b">LV</subfield>
    <subfield code="c">Monograf&#xED;as</subfield>
    <subfield code="d">2018-10-17</subfield>
    <subfield code="l">0</subfield>
    <subfield code="o">708 Ig8e</subfield>
    <subfield code="p">002154</subfield>
    <subfield code="r">2018-10-17 00:00:00</subfield>
    <subfield code="w">2018-10-17</subfield>
    <subfield code="y">01</subfield>
  </datafield>
</record>
